|
|
|
|
| LEADER |
00000naa a2200000 a 4500 |
| 001 |
vtls011855388 |
| 003 |
SK-MaSNL |
| 005 |
20260302133248.0 |
| 008 |
210910|2002 xo |||||||||||||||||slo| |
| 015 |
|
|
|a SNBCL
|
| 035 |
|
|
|a (urnnbn)urn:nbn:sk:snk:ar-a0azpm
|
| 035 |
|
|
|a urn:nbn:sk:snk-aaw9dm
|
| 035 |
|
|
|a (uuid)0c8fc4fb-9b09-4cac-af33-85a22cf80fbb
|
| 040 |
|
|
|a SNKBUCL
|b slo
|c SNKBUCL
|e AACR2
|
| 041 |
|
|
|a slo
|
| 044 |
|
|
|a xo
|c SK
|
| 100 |
1 |
|
|a Jozefček, Martin
|4 aut
|9 796793
|
| 245 |
1 |
0 |
|a PODCENENÝ MARKETING V MALÝCH A STREDNÝCH PODNIKOCH
|c Martin Jozefček
|
| 336 |
|
|
|a text
|b txt
|c rdacontent
|
| 337 |
|
|
|a bez média
|b n
|c rdamedia
|
| 338 |
|
|
|a zväzok
|b nc
|c rdacarrier
|
| 655 |
|
7 |
|a články zo zborníkov
|2 snkbucl
|9 166140
|
| 773 |
0 |
|
|t Malé a stredné podnikanie v Slovenskej republike na prahu Európskej únie
|d Bratislava] : Národná agentúra pre rozvoj malého a stredného podnikania, 2002
|g S. 96-98
|z 8088957176
|
| 958 |
|
|
|a OND
|
| 958 |
|
|
|a article26
|
| 958 |
|
|
|a chapter
|
| 999 |
|
|
|c 1316111
|d 1318041
|